| 000 | 00445nam a2200169Ia 4500 | ||
|---|---|---|---|
| 003 | LK-CoDNM | ||
| 005 | 20240801124743.0 | ||
| 008 | 010623t1900 xxu||||| |||| 00| 1 fra d | ||
| 040 |
_aLK-CoDNM _dLK-CoDNM _eLK-CoDNM |
||
| 041 | _afra | ||
| 080 |
_a8 _bPP17 |
||
| 100 | _aGeiger,Wilhelm. | ||
| 245 | _aLiterature und Sprache Der Singhalesen | ||
| 260 |
_bVerlag Von Karl.J.Trubner _aStrassburg _c1900 |
||
| 300 | _b93p. ; 25 cm | ||
| 942 | _cBK | ||
| 999 |
_c84946 _d84946 |
||